Information systems today: managing in the digital world. / (Record no. 7467)

MARC details
000 -LEADER
fixed length control field 01328nam a22002177a 4500
008 - FIXED-LENGTH DATA ELEMENTS--GENERAL INFORMATION
fixed length control field 120716t xxu||||| |||| 00| 0 eng d
020 ## - INTERNATIONAL STANDARD BOOK NUMBER
International Standard Book Number 9780132335065
020 ## - INTERNATIONAL STANDARD BOOK NUMBER
International Standard Book Number 0132335069
050 ## - LIBRARY OF CONGRESS CALL NUMBER
Classification number T58.5.J47
100 ## - MAIN ENTRY--PERSONAL NAME
Personal name Jessup, Leonard M.
245 ## - TITLE STATEMENT
Title Information systems today: managing in the digital world. /
Statement of responsibility, etc. Leonard M. Jessup, Joseph S. Valacich
250 ## - EDITION STATEMENT
Edition statement 3rd ed.
260 ## - PUBLICATION, DISTRIBUTION, ETC.
Place of publication, distribution, etc. Upper Saddle River, New Jersey:
Name of publisher, distributor, etc. Pearson,
Date of publication, distribution, etc. 2008.
300 ## - PHYSICAL DESCRIPTION
Extent xxvi, 598 p.:
Other physical details ill.;
500 ## - GENERAL NOTE
General note Includes index.
505 ## - FORMATTED CONTENTS NOTE
Formatted contents note Contents: Managing in the digital world -- Fueling globalization through information systems -- Valuing information systems investments -- managing the information systems infrastructure -- Enabling commerce using the Internet -- Securing information systems -- Enhancing business intelligence using information systems -- Building organizational partnerships using enterprise information systems -- Developing information systems -- Managing information systems ethics and crime -- Technology briefings: Information systems hardware -- Information systems software -- Database management -- Networking -- The Internet and world wide web --
650 ## - SUBJECT ADDED ENTRY--TOPICAL TERM
Topical term or geographic name entry element Information technology.
650 ## - SUBJECT ADDED ENTRY--TOPICAL TERM
Topical term or geographic name entry element Information storage and retrieval systems - Business
700 ## - ADDED ENTRY--PERSONAL NAME
Personal name Valacich, Joseph S.
942 ## - ADDED ENTRY ELEMENTS (KOHA)
Source of classification or shelving scheme Library of Congress Classification
Koha item type Books
Holdings
Withdrawn status Lost status Source of classification or shelving scheme Damaged status Not for loan Home library Current library Shelving location Date acquired Full call number Barcode Date last seen Price effective from Koha item type
    Library of Congress Classification     WISCONSIN INTERNATIONAL UNIVERSITY COLLEGE, GHANA KUMASI LIBRARY WISCONSIN INTERNATIONAL UNIVERSITY COLLEGE, GHANA KUMASI LIBRARY General Stacks 15/11/2019 T58.5.J47(3e) K/2460/2460/19 10/07/2020 10/07/2020 Books

If you have any concerns or questions; kindly contact the library


© Powered by WIUC ICT DIRECTORATE